000 00786nam a22002657a 4500
001 0142
003 DO-SdBNP
005 20231128124557.0
007 0142
008 151005b ag 2007 00| 0 spa d
020 _a9789780406747
040 _aBPMSU
_bspa
_cBPMSU
082 4 _a 823.8
_bW671f 2007
_222
100 1 _aWilde, Oscar
_d 1854-1900
245 1 3 _aEl fantasma de Canterville y otros cuentos /
_cOscar Wilde ; prólogo Jorge Accame
260 _aBuenos Aires, Argentina :
_bAlfaguara,
_c2007.
_g
300 _a110 p. ;
_c19 cm.
490 0 _aSerie roja
521 1 _aA partir de los 12 años
590 _aInventariado, 2023/VM
650 4 _aCuentos juveniles ingleses
700 1 _aAccame, Jorge
_epról.
910 _aVMateo V. Control de calidad. BPMSU
942 _2ddc
_cBK
999 _c10749
_d10749